Místo biologické meliorace v obnově lesních stanovišť : sborník z konference
| Korporativní autor: | Česká zemědělská univerzita v Praze. Katedra pěstování lesů |
|---|---|
| Další autoři: | Výzkumný ústav lesního hospodářství a myslivosti |
| Jazyk: | Slovenština Čeština Angličtina |
| Vydáno: |
Praha : Lesnická práce, [200-]-^^^^ |
| Témata: | |
| Fyzický popis: |
^^^sv. ; 30 cm |
| Odebírané ročníky: |
2005- |
| LEADER | 01483nas a2200397 a 4500 | ||
|---|---|---|---|
| 001 | 000768331 | ||
| 003 | CZ BrMZK | ||
| 005 | 20180802124521.0 | ||
| 007 | ta | ||
| 008 | 050330c200u9999xr uu p 0 a0cze d | ||
| 020 | |a 80-213-1293-9 |q (2005) | ||
| 040 | |a BOA001 |b cze | ||
| 041 | 0 | |a cze |a slo |a eng | |
| 072 | 7 | |a 630 |x Lesnictví |2 Konspekt |9 24 | |
| 080 | |a 630.1 |2 MRF | ||
| 080 | |a 630.23 |2 MRF | ||
| 080 | |a 631.67 |2 MRF | ||
| 080 | |a (062.534) |2 MRF | ||
| 245 | 0 | 0 | |a Místo biologické meliorace v obnově lesních stanovišť : |b sborník z konference |
| 246 | 3 | 1 | |a Role of biological amelioration in the resoration of forest sites |
| 260 | |a Praha : |b Lesnická práce, |c [200-]-^^^^ | ||
| 300 | |a ^^^sv. ; |c 30 cm | ||
| 310 | |a Periodicita není známa | ||
| 500 | |a Jednotlivé svazky mají vlastní ISBN | ||
| 500 | |a Titulní list též angl., text též slovensky a angl | ||
| 541 | |c pv-r | ||
| 650 | 0 | 7 | |a lesy |7 ph115123 |2 czenas |
| 650 | 0 | 7 | |a obnova lesních porostů |7 ph136605 |2 czenas |
| 650 | 0 | 7 | |a zavlažování |7 ph137538 |2 czenas |
| 655 | 7 | |a sborníky konferencí |7 fd133333 |2 czenas | |
| 710 | 2 | |a Česká zemědělská univerzita v Praze. |b Katedra pěstování lesů |7 olak2009488547 | |
| 710 | 2 | |a Výzkumný ústav lesního hospodářství a myslivosti |7 ko2002159700 | |
| 910 | |a BOA001 |b 4-1132.850 |r 2005- | ||
| 952 | |a e-xr-pg | ||
| 990 | |a SE | ||
| 996 | 6 | |b 2610245777 |c 4-1132.850 |d 2005 |y 2005 |l MZK |r Sklad / do 1 hodiny |n 4 |p p.v. |w 000768331 |u 000010 |a 1 |e BOA001 |j MZK50 |s P | |
English
Čeština 